Feste e spettacoli nelle piazze romane : mostra antologica a cura dell'Istituto poligrafico e Zecca dello Stato e dell'Assessorato alla cultura del Comune di Roma /
Saved in:
| Other Authors: | |
|---|---|
| Format: | Book |
| Language: | Italian |
| Published: |
Roma :
L'Istituto : Libreria dello Stato,
1990.
|
| Subjects: |
MARC
| LEADER | 00000cam a2200000 a 4500 | ||
|---|---|---|---|
| 001 | 000856607 | ||
| 005 | 20260604200834.6 | ||
| 008 | 911029s1990 it a b 000 0 ita d | ||
| 035 | |a (OCoLC)24641776 | ||
| 035 | 9 | |a ADW7736^^^^^ | |
| 035 | |a (ndu)000856607 | ||
| 040 | |a COD |c COD |d IND |d UtOrBLW | ||
| 043 | |a e-it--- |0 http://id.loc.gov/vocabulary/geographicAreas/e-it | ||
| 049 | |a INDU | ||
| 090 | |a DG815.49 |b .F47 1990 | ||
| 245 | 0 | 0 | |a Feste e spettacoli nelle piazze romane : |b mostra antologica a cura dell'Istituto poligrafico e Zecca dello Stato e dell'Assessorato alla cultura del Comune di Roma / |c curatrice scientifica Luisa Cardilli. |
| 260 | |a Roma : |b L'Istituto : |b Libreria dello Stato, |c 1990. | ||
| 300 | |a 91 pages : |b illustrations (some color) ; |c 22 x 25 cm | ||
| 336 | |a text |b txt |2 rdacontent |0 http://rdaregistry.info/termList/RDAContentType/1020 | ||
| 337 | |a unmediated |b n |2 rdamedia |0 http://rdaregistry.info/termList/RDAMediaType/1007 | ||
| 338 | |a volume |b nc |2 rdacarrier |0 http://rdaregistry.info/termList/RDACarrierType/1049 | ||
| 340 | |p illustration |2 rdaill |0 http://rdaregistry.info/termList/IllusContent/1014 | ||
| 504 | |a Includes bibliographical references (p. 89-91) | ||
| 651 | 0 | |a Rome (Italy) |x Social life and customs |x Exhibitions. | |
| 650 | 0 | |a Plazas |z Italy |z Rome. | |
| 650 | 7 | |a Manners and customs. |2 fast |0 (OCoLC)fst01007815 | |
| 650 | 7 | |a Plazas. |2 fast |0 (OCoLC)fst01067051 | |
| 651 | 7 | |a Italy |z Rome. |2 fast |0 (OCoLC)fst01204500 | |
| 651 | 7 | |a Rome (Empire) |2 fast |0 (OCoLC)fst01204885 | |
| 655 | 7 | |a Exhibition catalogs. |2 fast |0 (OCoLC)fst01424028 | |
| 700 | 1 | |a Cardilli Alloisi, Luisa. |0 http://id.loc.gov/authorities/names/n88279585 | |
| 902 | |a MARS | ||
| 999 | f | f | |i 303b7918-47db-5e03-9439-b7a4b7fc4e1a |s 151cf472-5bec-48bb-b221-afe654eff272 |t 0 |
| 952 | f | f | |p Circulating |a University of Notre Dame |b University of Notre Dame |c Hesburgh Library |s Hesburgh Library General Collection |d Hesburgh Library General Collection |t 0 |e DG 815.49 .F47 1990 |h Library of Congress classification |i Book |m 00000011765765 |